000 00780cam a2200265 4500500
005 20260405002710.0
041 _afre
042 _adc
100 1 0 _aEltchaninoff, Michel
_eauthor
245 0 0 _aPeut-on déshériter (certains de) ses enfants ?
260 _c2018.
500 _a31
690 _aDavid Hallyday
690 _aFiliation
690 _aHéritage
690 _aJade & Joy
690 _aJohnny
690 _aJohnny Hallyday
690 _aLaura Smet
690 _aNathalie Sarthou-Lajus
690 _aTransmission
690 _aVincent Valentin
786 0 _nPhilosophie magazine | 119 | 5 | 2018-05-01 | p. 18-19 | 1951-1787
856 4 1 _uhttps://shs.cairn.info/magazine-philosophie-magazine-2018-5-page-18?lang=fr&redirect-ssocas=7080
999 _c2060217
_d2060217